Catálogo
 En Linea

Handbook on procedures and criteria for determining refugee status. (Registro nro. 28210)

Detalles MARC
000 -CABECERA
campo de control de longitud fija 00631nam a2200169 a 4500
001 - NÚMERO DE CONTROL
campo de control 000028718
005 - FECHA Y HORA DE LA ÚLTIMA TRANSACCIÓN
campo de control 20200930055109.0
008 - DATOS DE LONGITUD FIJA--INFORMACIÓN GENERAL
campo de control de longitud fija 110411s1992 sz 000 0 spa d
040 ## - FUENTE DE LA CATALOGACIÓN
Centro catalogador/agencia de origen DO-SdBNP
Lengua de catalogación spa
Centro/agencia transcriptor BNPHU
082 ## - NÚMERO DE LA CLASIFICACIÓN DECIMAL DEWEY
Número de clasificación xxxx
Número de documento/Ítem O32h
110 1# - ENTRADA PRINCIPAL--NOMBRE DE ENTIDAD CORPORATIVA
Nombre de entidad corporativa o nombre de jurisdicción como elemento de entrada Office of the United Nations Hign Commissioner for Refugees
9 (RLIN) 55709
245 00 - MENCIÓN DE TÍTULO
Título Handbook on procedures and criteria for determining refugee status.
260 ## - PUBLICACIÓN, DISTRIBUCIÓN, ETC.
Lugar de publicación, distribución, etc. Geneva :
Nombre del editor, distribuidor, etc. Office of the United Nations High Commissioner for Refugees,
Fecha de publicación, distribución, etc. 1992.
300 ## - DESCRIPCIÓN FÍSICA
Extensión v., 93 p. ;
Dimensiones 21 cm.
500 ## - NOTA GENERAL
Nota general Incluye referencias bibliográficas e índice.
500 ## - NOTA GENERAL
Nota general "Reedited Geneva, January 1992"
Existencias
Estado de retiro Estado de pérdida Restricciones de uso No para préstamo Código de colección Localización permanente Ubicación/localización actual Ubicación en estantería Fecha de adquisición Número de inventario Total de préstamos Signatura topográfica completa Código de barras Fecha visto por última vez Precio válido a partir de Tipo de ítem Koha
      Excluido de préstamo Monografías: Libros y Folletos Patrimonio Dominicano Patrimonio Dominicano En catalogación 11.04.2011 LF1   xxxx O32h 28718-10 25.06.2020 25.06.2020 No se presta

Con tecnología Koha